[Event "44th Marcel Duchamp"]
[Site "Buenos Aires ARG"]
[Date "2013.03.27"]
[Round "6.20"]
[White "Crespo,E"]
[Black "Mussanti,D"]
[Result "1/2-1/2"]
[WhiteElo "2092"]
[BlackElo "2314"]

1.e4 c5 2.Nf3 e6 3.d4 cxd4 4.Nxd4 Nc6 5.Nc3 d6 6.Be3 Nf6 7.Be2 Be7 8.Qd2 O-O
9.f4 Nxd4 10.Qxd4 Qa5 11.O-O-O e5 12.Qd3 exf4 13.Bxf4 Be6 14.Qb5 Qxb5 15.Bxb5 Rfd8
16.Rhe1 Kf8 17.Bg5 Ng4 18.Bf4 Ne5 19.Ba4 Bf6 20.Bb3 a6 21.Rd4 Rac8 22.Red1 Ke7
23.Rb4 b5 24.Nd5+ Bxd5 25.Bxd5 Rb8 26.a4 bxa4 27.Rxa4 Nd7 28.c3 Nc5 29.Ra5 Rb5
30.Ra3 Rc8 31.Kc2 Be5 32.Bxe5 dxe5 33.b4 Ne6 34.Kb3 Rb6 35.Rda1 Nc5+ 36.Kc2 Nd7
37.Kd3 Nb8 38.Ra5 Rg6 39.R1a2 Rh6 40.g3 Rf6 41.c4 Rf3+ 42.Kc2 g6 43.c5 f5
44.R5a3 Rf1 45.Kc3 fxe4 46.Bxe4 Re1 47.Bb7 Rd8 48.c6 Rd4 49.Rc2 Kd6 50.Kb3 Kc7
51.Ra5 Ree4 52.Ra4 a5 53.Rxa5 Rxb4+ 54.Ka3 Rbc4 55.Rc5 Re3+ 56.Kb2 Rxc5 57.Rxc5 Re2+
58.Kc3 Rxh2 59.Rxe5 Nxc6 60.Bxc6 Kxc6 61.Kd4 Kd6 62.Re8 Rh1 63.Re3 h5 64.Kd3 Rh2
65.Kd4 Rf2 66.Kd3 g5 67.Kd4 g4 68.Re8 Rd2+ 69.Ke3 Rd5 70.Rd8+ Ke5 71.Rh8 Kf6
72.Kf4 Rf5+ 73.Ke4 Ra5 74.Rf8+ Kg7 75.Rb8 Rc5 76.Ra8  1/2-1/2

[Event "6th Montalvo Open"]
[Site "Las Palmas ESP"]
[Date "2013.03.27"]
[Round "3.10"]
[White "Espinoza Palomino,W"]
[Black "Capote Robayna,N"]
[Result "1-0"]
[WhiteElo "2284"]
[BlackElo "2073"]

1.e4 c5 2.Nf3 Nc6 3.d4 cxd4 4.Nxd4 e6 5.Nc3 Qc7 6.Be3 a6 7.Qd2 Nf6 8.O-O-O b5
9.Bf4 Ne5 10.f3 Be7 11.h4 d6 12.Nb3 Bd7 13.Kb1 Rc8 14.Bd3 Rb8 15.Ne2 Nc6
16.g4 a5 17.g5 Nh5 18.Bh2 Qb6 19.Bg1 Qc7 20.f4 a4 21.Nbc1 Na5 22.Bd4 Nc4
23.Qe1 e5 24.Bxc4 bxc4 25.Bc3 Bc6 26.fxe5 dxe5 27.Ng3 Nxg3 28.Qxg3 Rb5 29.h5 f6
30.gxf6 Bxf6 31.h6 g6 32.Rhf1 O-O 33.Qg4 Qe7 34.a3 Rfb8 35.Na2 Be8 36.Nb4 Bf7
37.Rd7 Qe6 38.Qd1 Be7 39.Nd5 Bxa3 40.Rfxf7 Bxb2 41.Rg7+ Kf8 42.Qf3+ Ke8 43.Nc7+  1-0

[Event "Pobeskydi Open 2013"]
[Site "Frydek-Mistek CZE"]
[Date "2013.03.28"]
[Round "1"]
[White "Novosadova,K"]
[Black "Luch,M"]
[Result "1/2-1/2"]
[WhiteElo "2144"]
[BlackElo "2432"]

1.e4 c5 2.Nf3 e6 3.d4 cxd4 4.Nxd4 Nc6 5.Nc3 Qc7 6.Be2 a6 7.Nxc6 bxc6 8.Be3 Rb8
9.O-O Nf6 10.Rb1 d5 11.Re1 Bb4 12.exd5 cxd5 13.Bd4 Bd6 14.Bd3 Kf8 15.Bxf6 gxf6
16.Qh5 h6 17.Ne2 Qa5 18.b3 Qd2 19.h4 Bb7 20.Rbd1 Qb4 21.c3 Qc5 22.Bb1 Re8
23.Rd3 Bb8 24.Nd4 e5 25.Nf5 e4 26.Rde3 Qc7 27.Rg3 Re5 28.Qg4 Rxf5 29.Qxf5 Qc6
30.Rge3 Bc8 31.Qh5 f5 32.Rd1 Ba7 33.Re2 Be6 34.Rc2 Qd6 35.b4 Bb8 36.Kf1 Qc6
37.c4 dxc4 38.Rd8+ Kg7  1/2-1/2

[Event "6th Montalvo Open"]
[Site "Las Palmas ESP"]
[Date "2013.03.28"]
[Round "4.33"]
[White "Diaz Martin,Carolina"]
[Black "Sanchez Ramirez,Gustavo"]
[Result "1/2-1/2"]
[WhiteElo "1393"]
[BlackElo "1607"]

1.e4 c5 2.Nf3 Nc6 3.d4 e6 4.Nc3 cxd4 5.Nxd4 Bc5 6.Be3 Qf6 7.Ncb5 Bxd4 8.Bxd4 Nxd4
9.Qxd4 Qxd4 10.Nxd4 Nf6 11.f3 g5 12.O-O-O a5 13.Nb5 Ke7 14.Nc7 Rb8 15.e5 Ne8
16.Nxe8 Rxe8 17.Bb5 Rd8 18.Rd4 f6 19.exf6+ Kxf6 20.Rd6 Ra8 21.Rhd1 Ke7 22.a4 Rb8
23.R1d3 h5 24.Kd2 Kf6 25.Bxd7 Rxd7 26.Rxd7 Bxd7 27.Rxd7 b5 28.Ra7 bxa4 29.Rxa5 Rxb2
30.Rxa4 Kf5 31.Ra8 Rb1 32.Ke3 Re1+ 33.Kf2 Rc1 34.Rc8 Ke5 35.Rc5+ Kf6 36.Kg3 h4+
37.Kg4 Rg1 38.g3 hxg3 39.hxg3 Rc1 40.c4 Rc3 41.Rc7 Ke5 42.c5 Kd5 43.Rc8 e5
44.Rg8 Rxc5 45.Kxg5 Ke6 46.Kg6 Rc3 47.Re8+ Kd5 48.Rf8 Ke6 49.g4 Rc1 50.g5 Rg1
51.Kh6 Rh1+ 52.Kg7 Ke7 53.Rf7+ Ke6 54.Rf6+ Ke7 55.Rh6 Rf1 56.g6 Rxf3 57.Kh7 Rg3  1/2-1/2

[Event "ch-SRB w 2013"]
[Site "Pirot SRB"]
[Date "2013.03.28"]
[Round "6"]
[White "Eric,J"]
[Black "Miladinovic,L"]
[Result "1-0"]
[WhiteElo "2240"]
[BlackElo "2116"]

1.e4 c5 2.Nf3 e6 3.d4 cxd4 4.Nxd4 Nc6 5.Nc3 Qc7 6.Be2 Nf6 7.Be3 Be7 8.O-O O-O
9.f4 d6 10.Kh1 Nxd4 11.Bxd4 e5 12.Be3 b6 13.a4 Bb7 14.Nd5 Bxd5 15.exd5 exf4
16.Bxf4 Nd7 17.Bb5 Ne5 18.Ra3 f5 19.Rc3 Qd8 20.Rh3 g6 21.Qd2 Bf6 22.b4 a5
23.Bc6 Ra7 24.bxa5 Rxa5 25.Rb3 Kh8 26.Qb4 Rc5 27.Bh6 Bg7 28.Be3 Rxc2 29.Bxb6 Qg5
30.Rg3 Qe7 31.Qb3 Re2 32.Bb5 Re4 33.a5 Ng4 34.a6 Re1 35.a7 Rxf1+ 36.Bxf1 Qe1
37.Rf3 Be5 38.Bg1 Qh4 39.Qb8 Qd8 40.Qxd8 Rxd8 41.Rb3  1-0

[Event "44th Marcel Duchamp"]
[Site "Buenos Aires ARG"]
[Date "2013.03.29"]
[Round "8.4"]
[White "Pichot,A"]
[Black "Mareco,S"]
[Result "0-1"]
[WhiteElo "2327"]
[BlackElo "2580"]

1.e4 c5 2.Nf3 e6 3.d4 cxd4 4.Nxd4 Nc6 5.Nc3 Qc7 6.Be3 a6 7.Qd2 Nf6 8.f3 Bb4
9.O-O-O O-O 10.Kb1 Rb8 11.g4 b5 12.g5 Nh5 13.f4 Na5 14.Qe1 Bxc3 15.Qxc3 Qxc3
16.bxc3 Bb7 17.Be2 g6 18.Bxh5 gxh5 19.Nb3 Nc4 20.Bc5 Rfd8 21.Rhe1 d6 22.Bb4 h6
23.Rd3 hxg5 24.fxg5 Kg7 25.h4 Rbc8 26.Na5 Nxa5 27.Bxa5 Rd7 28.Bb4 Rcd8 29.Kc1 Kg6
30.Rf3 Rc8 31.Rf6+ Kg7 32.Rd1 Bxe4 33.Rf4 Bd5 34.Rd2 Rc4 35.Rxc4 bxc4 36.Rd4 f6
37.gxf6+ Kxf6 38.Rf4+ Kg7 39.Kd2 e5 40.Rf5 Bf7 41.a4 Kg6 42.Rg5+ Kf6 43.Ke3 Ke6
44.Rg7 Rd8 45.Ba5 Rb8 46.Bc7 Rb7 47.Bd8 Rb1 48.Bg5 Re1+ 49.Kd2 Rf1 50.Ke2 Ra1
51.Rh7 Bg6 52.Rc7 Rxa4 53.Kd2 a5 54.Rc6 Kd7 55.Ra6 Ra2 56.Ke3 Rxc2  0-1

[Event "17th Neckar Open"]
[Site "Deizisau GER"]
[Date "2013.03.29"]
[Round "3.12"]
[White "Milov,L"]
[Black "Moor,R"]
[Result "1/2-1/2"]
[WhiteElo "2528"]
[BlackElo "2363"]

1.e4 c5 2.Nf3 Nc6 3.d4 cxd4 4.Nxd4 e6 5.Nc3 Qc7 6.f4 a6 7.Nxc6 bxc6 8.Bd3 d5
9.O-O Nf6 10.Qe2 Be7 11.Bd2 O-O 12.Rae1 g6 13.Kh1 dxe4 14.Nxe4 Nxe4 15.Bxe4 Bf6
16.b4 Rd8 17.Be3 Bc3 18.Rb1 Bb7 19.Qf2 Qe7 20.Bc5 Qf6 21.Qf3 Rac8 22.Bb6 Rd5
23.Rb3 Bd4 24.Bxd5 cxd5 25.Bc5 Bc6 26.Bxd4 Qxd4 27.Qc3 Qe4 28.Qd3 Qxd3 29.cxd3 Bb5
30.Ra1 Rc2 31.h3 d4 32.a4 Bc6 33.b5  1/2-1/2

[Event "LVIII ch-Catarinense 2013"]
[Site "Florianopolis BRA"]
[Date "2013.03.29"]
[Round "3.5"]
[White "Silva,De2"]
[Black "Molina,Rob"]
[Result "0-1"]
[WhiteElo "1958"]
[BlackElo "2414"]

1.e4 c5 2.Nf3 e6 3.d4 cxd4 4.Nxd4 Nc6 5.Nc3 Qc7 6.Be3 a6 7.Qd2 Nf6 8.f3 Bb4
9.a3 Be7 10.Be2 O-O 11.f4 d6 12.O-O Nxd4 13.Bxd4 b5 14.f5 Bb7 15.Bf3 e5 16.Bf2 Bc6
17.g4 h6 18.Rfe1 a5 19.Nd5 Nxd5 20.exd5 Bd7 21.Be4 Rfc8 22.Be3 Qd8 23.Bd3 Bg5
24.Bxg5 hxg5 25.Re3 Qb6 26.c3 f6 27.Qf2 b4 28.axb4 axb4 29.Rxa8 Rxa8 30.Re4 Qxf2+
31.Kxf2 bxc3 32.bxc3 Ra2+ 33.Re2 Ra3 34.Rc2 Kf7 35.Ke3 Ke7 36.Kd2 Kd8 37.Rb2 Kc7
38.Bc2 Ra8 39.Be4 Rh8 40.Ke3 Rh3+ 41.Bf3 Bxf5 42.gxf5 g4 43.Rc2 Rxf3+ 44.Ke4 Rf4+
45.Ke3 Rxf5 46.Ra2 Kb6 47.Rg2 Rf3+ 48.Kd2 f5  0-1

[Event "6th Montalvo Open"]
[Site "Las Palmas ESP"]
[Date "2013.03.29"]
[Round "6.35"]
[White "Baez Ruiz,Victor"]
[Black "Lin Ying,Rui"]
[Result "1/2-1/2"]
[WhiteElo "1552"]
[BlackElo "1431"]

1.e4 c5 2.Nf3 Nc6 3.d4 cxd4 4.Nxd4 e6 5.Nc3 Bc5 6.Be3 Bb6 7.Be2 Nge7 8.Qd2 a5
9.Ncb5 d5 10.Nxc6 Bxe3 11.Qxe3 bxc6 12.Nd4 O-O 13.e5 Ng6 14.Nf3 f6 15.O-O-O a4
16.exf6 Qxf6 17.a3 Rb8 18.c3 Bd7 19.h4 Rb7 20.h5 Nh8 21.Rhf1 Rfb8 22.Rd2 Qe7
23.Ne5 c5 24.Qg3 c4 25.h6 g6 26.Rc2 Rf8 27.Rh1 Qf6 28.Ng4 Qf4+ 29.Qxf4 Rxf4
30.g3 Rf8 31.f4 Bc8 32.Ne5 Rc7 33.Bg4 Nf7 34.Nf3 Re8 35.Re2 Rce7 36.Ne5 Nxe5
37.Rxe5 Bd7 38.Rhe1 Kf7 39.Bh3 Bc6 40.R1e2 Bd7 41.Kd2 Rb8 42.Ke3 Rc8 43.Kd4 Rc7
44.g4 Kf6 45.f5 Bc8 46.g5+ Kf7 47.fxe6+ Ke8 48.Rxd5 Rc6 49.Rde5 Kd8 50.Ra5 Bxe6
51.Bxe6 Rexe6 52.Rxe6 Rxe6 53.Kxc4 Re4+ 54.Kd3 Rg4 55.Ra7 Rxg5 56.Rxh7 Rh5
57.Rh8+ Ke7 58.h7 Kf7 59.Ra8 Rxh7 60.Ra7+ Kg8 61.Rxh7 Kxh7 62.c4 Kg7 63.Ke4 Kf7
64.Kd5 g5 65.Ke5 g4 66.Kf4 Ke6 67.Kxg4 Kd6  1/2-1/2

[Event "O2C Doeberl Cup Premier 2013"]
[Site "Canberra AUS"]
[Date "2013.03.30"]
[Round "5.8"]
[White "Otgonjargal,S"]
[Black "Horvath,Ad1"]
[Result "1/2-1/2"]
[WhiteElo "2171"]
[BlackElo "2509"]

1.e4 c5 2.Nf3 e6 3.d4 cxd4 4.Nxd4 Nc6 5.Nc3 Qc7 6.Be3 a6 7.Bd3 Nf6 8.O-O h5
9.h3 b5 10.Nb3 Ne5 11.Bf4 b4 12.Ne2 d5 13.exd5 Nxd5 14.Be4 Bb7 15.Bxd5 Bxd5
16.Qd4 Bd6 17.c4 bxc3 18.bxc3 Rd8 19.c4 Nxc4 20.Rfc1 Be5 21.Bxe5 Qxe5 22.Rxc4 Qxe2
23.Qxg7 Bxc4 24.Qxh8+ Ke7 25.Qc3 Rg8 26.Re1 Qd3 27.Qb4+ Kf6 28.Nc5 Qd4 29.Ne4+ Kg6
30.Nd6 a5 31.Qxc4 Qxd6 32.Qe4+ Kh6 33.Qe3+ Kg6 34.Qe4+ Kh6 35.Qe3+ Kg6 36.Qe4+ Kh6  1/2-1/2

[Event "ch-WLS 2013"]
[Site "Cardiff WLS"]
[Date "2013.03.30"]
[Round "3.13"]
[White "Hewitt,B"]
[Black "Davis,Ashley J"]
[Result "1-0"]
[WhiteElo "2074"]
[BlackElo "1886"]

1.e4 c5 2.Nf3 Nc6 3.d4 cxd4 4.Nxd4 e6 5.Nc3 Qc7 6.Be3 a6 7.Bd3 Nf6 8.f4 Be7
9.e5 Nd5 10.Nxd5 exd5 11.Nf5 O-O 12.Qh5 Bb4+ 13.c3  1-0

[Event "17th Neckar Open"]
[Site "Deizisau GER"]
[Date "2013.03.30"]
[Round "4.6"]
[White "Piorun,K"]
[Black "Kotainy,J"]
[Result "0-1"]
[WhiteElo "2529"]
[BlackElo "2413"]

1.e4 c5 2.Nf3 e6 3.d4 cxd4 4.Nxd4 Nc6 5.Nc3 Qc7 6.Be3 Nf6 7.f4 Nxd4 8.Qxd4 b6
9.e5 Ng4 10.Bg1 Bc5 11.Qc4 Qc6 12.Ne4 Ba6 13.Nd6+ Qxd6 14.Qe4 Qc6 15.Qxc6 dxc6
16.Bxa6 Bxg1 17.Rxg1 g5 18.Bb7 Rd8 19.Bxc6+ Ke7 20.g3 h5 21.Rd1 Rxd1+ 22.Kxd1 h4
23.Ke2 Nxh2 24.Rg2 hxg3 25.fxg5 Ng4 26.Rxg3 Nxe5 27.Bg2 Rc8 28.Kd1 Nc4 29.Kc1 Rg8
30.Be4 Nd6 31.Bd3 Kd7 32.g6 f5 33.Be2 Ne4 34.Rg1 Ke7 35.Bd3 Nd6 36.Be2 Kf6
37.Bh5 e5 38.Kd2 f4 39.Kd3 Nf5 40.Bf3 Rxg6 41.Rxg6+ Kxg6 42.Be4 Kf6 43.c4 Nd6
44.Bc6 a5 45.a3 Kf5 46.Bd7+ Kg5 47.b4 e4+ 48.Kc3 e3 49.c5 axb4+ 50.axb4 bxc5
51.b5 e2 52.Kd2 f3 53.b6 Kf4 54.Bb5 Ne4+ 55.Ke1 Ke3 56.Bxe2 fxe2 57.b7 Ng5
58.b8=Q Nf3+  0-1

[Event "36th San Sebastian Open"]
[Site "Donostia ESP"]
[Date "2013.03.30"]
[Round "9.30"]
[White "Rodriguez Cabrera,F"]
[Black "Rodsmoen,Maud"]
[Result "1-0"]
[WhiteElo "1924"]
[BlackElo "1750"]

1.e4 c5 2.Nf3 e6 3.d4 cxd4 4.Nxd4 Nc6 5.Nc3 Qc7 6.Be3 a6 7.Be2 Bb4 8.O-O Nf6
9.Nxc6 bxc6 10.Bd3 d5 11.Qf3 O-O 12.Rfd1 e5 13.Bg5 Bxc3 14.Bxf6 Bxb2 15.Qg3 g6
16.Rab1 Bd4 17.Qg5 Qd6 18.Be7 Qd7 19.Bxf8 Kxf8 20.c4 Bb7 21.h4 dxc4 22.Bxc4 c5
23.Re1 Bc6 24.Qf6 Kg8 25.h5 gxh5 26.Rb3 h4 27.Qxh4 Qd8 28.Rg3+ Kh8 29.Qh6 Qf8
30.Qf6+ Qg7 31.Qxg7+  1-0

[Event "e2e4 Dublin Masters"]
[Site "Dublin IRL"]
[Date "2013.03.30"]
[Round "4"]
[White "Gayson,P"]
[Black "Mishkovski,L"]
[Result "1/2-1/2"]
[WhiteElo "2115"]
[BlackElo "2040"]

1.e4 c5 2.Nf3 e6 3.d4 cxd4 4.Nxd4 Nc6 5.Nc3 Qc7 6.Be2 a6 7.O-O Nf6 8.Kh1 Bb4
9.Qd3 d6 10.f4 Bd7 11.Bd2 Nxd4 12.Qxd4 Qc5 13.Qd3 Bxc3 14.Bxc3 Bb5 15.Qf3 Bc6
16.Bd3 O-O-O 17.Rad1 h5 18.Bd2 d5 19.exd5 exd5 20.b4 Qb6 21.c3 Kb8 22.Qe3 d4
23.Qe5+ Ka8 24.Qc5 Qxc5 25.bxc5 dxc3 26.Bxc3 Nd5 27.Bd2 Rde8 28.Rfe1 g6  1/2-1/2

[Event "ch-Moscow 2013"]
[Site "Moscow RUS"]
[Date "2013.03.30"]
[Round "8.11"]
[White "Paravyan,D"]
[Black "Ageichenko,G"]
[Result "1/2-1/2"]
[WhiteElo "2330"]
[BlackElo "2287"]

1.e4 c5 2.Nf3 Nc6 3.d4 cxd4 4.Nxd4 e6 5.Nc3 a6 6.Be3 Qc7 7.Bd3 Nf6 8.Qe2 Bb4
9.O-O O-O 10.f4 d6 11.Kh1 Nxd4 12.Bxd4 e5 13.fxe5 dxe5 14.Be3 Bg4 15.Qf2 Bxc3
16.bxc3 Be6 17.Qg3 Nh5 18.Qh4 Nf4 19.Bxf4 exf4 20.e5 g6 21.Qxf4 Qxc3 22.h4 Rad8
23.Qf6 Rd4 24.Rab1 b5 25.Rf2 Qc7 26.a3 Qd8 27.Rb4 Bc4 28.h5 a5 29.Rb1 Qxf6
30.Rxf6 Rh4+ 31.Kg1 Rxh5 32.Bxc4 bxc4 33.Rb5 Re8 34.Rb7 Rf8 35.Re7 Rh4 36.Ra6 Rd4
37.Rxa5 Rd2 38.Raa7 Rxc2 39.e6 c3 40.exf7+ Kg7 41.Rac7 Rc1+ 42.Kh2 c2 43.Re2 Ra1
44.Rexc2 Rxa3 45.Rf2 Ra6 46.g4 Ra5 47.Kg3 Kh6 48.Rb2 Ra3+ 49.Kf4 Kg7 50.Rbb7 Ra5
51.Rd7 h5  1/2-1/2

[Event "7th Philadelphia Open"]
[Site "Philadelphia USA"]
[Date "2013.03.30"]
[Round "7"]
[White "Ostrovskiy,Al"]
[Black "Gorman,D"]
[Result "1-0"]
[WhiteElo "2379"]
[BlackElo "2243"]

1.e4 c5 2.Nf3 e6 3.d4 cxd4 4.Nxd4 Nc6 5.Nc3 Qc7 6.Be3 a6 7.Qd2 Nf6 8.O-O-O Be7
9.f3 O-O 10.g4 b5 11.g5 Ne8 12.f4 Bb7 13.Bd3 Nd6 14.Nb3 Na5 15.Nxa5 Qxa5
16.Qf2 Qc7 17.Rhe1 b4 18.Bb6 Qc6 19.Nd5 exd5 20.exd5 Qa4 21.Rxe7 Rfe8 22.Qh4 g6
23.Bxg6 hxg6 24.Bd4  1-0

[Event "e2e4 Dublin Masters"]
[Site "Dublin IRL"]
[Date "2013.03.31"]
[Round "6"]
[White "O'Rourke,R"]
[Black "Mishkovski,L"]
[Result "0-1"]
[WhiteElo "2026"]
[BlackElo "2040"]

1.e4 c5 2.Nf3 e6 3.d4 cxd4 4.Nxd4 Nc6 5.Nc3 Qc7 6.a3 a6 7.Be3 Nf6 8.Be2 Nxd4
9.Bxd4 Bd6 10.Bxf6 gxf6 11.g3 Be5 12.Qd2 b5 13.O-O Bb7 14.Bd3 h5 15.Nd1 h4
16.Qe3 hxg3 17.hxg3 Ke7 18.Kg2 Rag8 19.f4 Bd6 20.b4 Rg7 21.Rf3 Rgh7 22.Nf2 Rh2+
23.Kg1 Qc3 24.Rd1 Qc6 25.g4 Bc7 26.Kf1 Bb6 27.Qd2 R8h4 28.Ke2 Bxf2 29.Rxf2 Rxf2+  0-1

[Event "ch-Moscow 2013"]
[Site "Moscow RUS"]
[Date "2013.03.31"]
[Round "9.4"]
[White "Vavulin,M"]
[Black "Mozharov,M"]
[Result "1-0"]
[WhiteElo "2293"]
[BlackElo "2523"]

1.e4 c5 2.Nf3 e6 3.d4 cxd4 4.Nxd4 Nc6 5.Nc3 Qc7 6.f4 a6 7.Nxc6 Qxc6 8.Bd3 b5
9.Qe2 Bb7 10.Bd2 b4 11.Nd5 f5 12.O-O-O Kf7 13.Nxb4 Bxb4 14.Bxb4 fxe4 15.Qh5+ g6
16.Qe5 d6 17.Bxd6 exd3 18.Rxd3 Qe4 19.Qxh8 Nf6 20.Bb8 Bd5 21.Rc3  1-0

[Event "7th Philadelphia Open"]
[Site "Philadelphia USA"]
[Date "2013.03.31"]
[Round "8"]
[White "Naroditsky,D"]
[Black "Izoria,Z"]
[Result "1/2-1/2"]
[WhiteElo "2472"]
[BlackElo "2583"]

1.e4 c5 2.Nf3 e6 3.d4 cxd4 4.Nxd4 Nc6 5.Nc3 d6 6.g3 Nf6 7.Bg2 Bd7 8.O-O Be7
9.h3 O-O 10.g4 Nxd4 11.Qxd4  1/2-1/2

[Event "17th Neckar Open"]
[Site "Deizisau GER"]
[Date "2013.04.01"]
[Round "9.3"]
[White "Edouard,R"]
[Black "Solodovnichenko,Y"]
[Result "1/2-1/2"]
[WhiteElo "2680"]
[BlackElo "2559"]

1.e4 c5 2.Nf3 e6 3.Nc3 Nc6 4.d4 cxd4 5.Nxd4 d6 6.Be3 Nf6 7.f4 Be7 8.Qf3 e5
9.Nxc6 bxc6 10.f5 Qa5 11.O-O-O O-O 12.Bc4 Rb8 13.Bb3 d5 14.exd5 Rxb3 15.cxb3 cxd5
16.Rxd5 Nxd5 17.Nxd5 Bh4 18.Nc3 Rd8 19.Qe4 Be7 20.g4 h5 21.gxh5 Qb4 22.Rf1 a5
23.h6 Bb7 24.Qc2 Bf6 25.Rg1 Bf3 26.Qf2 e4 27.Rxg7+ Kh8 28.Bc5 Qb8 29.Kc2 Qf4
30.Rxf7 Qxf5 31.Be3 Qe6 32.Rb7 Qa6 33.Rc7 Qd6 34.Rc4 Kh7 35.Qd2 Qe5 36.Qf2 Qd6
37.Qd2 Qe5 38.Qc1 Qxh2+ 39.Kb1 Rd3 40.Qg1 Qxg1+ 41.Bxg1 e3 42.Rf4 Bxc3 43.Bxe3 Rxe3
44.bxc3 Be4+ 45.Kb2 Re2+ 46.Kc1 Kxh6 47.Kd1 Re3 48.Kd2 Rd3+ 49.Ke2 Bg6 50.Ra4 Kg5
51.Rxa5+ Kf4 52.Ra6 Bf5 53.Rc6 Rh3 54.Rd6 Rh2+ 55.Kd1 Ke3 56.Kc1 Rc2+ 57.Kd1 Rxc3
58.Ke1 Rc1+ 59.Rd1 Rc8 60.Rd5 Be4 61.Rd7 Rc1+ 62.Rd1 Rc2 63.Rd8 Rxa2 64.b4 Ra1+
65.Rd1 Ra8 66.Rd7 Rb8 67.Rd2 Bd3 68.Rh2 Rf8 69.Rh3+ Kd4 70.b5 Rf1+ 71.Kd2 Rf2+
72.Ke1 Re2+ 73.Kd1 Kc3 74.Rh8 Rf2 75.Rc8+ Bc4 76.Re8 Bxb5 77.Rc8+ Bc4 78.Re8 Rf7
79.Re3+ Bd3 80.Re8 Rf5 81.Rc8+ Bc4 82.Re8 Rf1+ 83.Re1 Rf8 84.Re3+ Bd3 85.Re7 Rf6
86.Rc7+ Bc4 87.Re7 Rf3 88.Re8 Rf6 89.Re3+ Bd3 90.Re8 Rf7 91.Rc8+ Bc4 92.Re8 Rf3
93.Re7 Bb5 94.Rc7+ Kd3 95.Ke1 Rf8 96.Re7 Bc6 97.Ra7 Be4 98.Ra3+ Kd4 99.Ke2 Rh8
100.Ra4+ Ke5 101.Kd2 Rh2+ 102.Kc3 Rc2+ 103.Kb3 Rc7 104.Rb4 Bc2+ 105.Kb2 Kd5
106.Rb5+ Kd4 107.Rb4+ Kd3 108.Rb8 Kd2 109.Rd8+ Bd3 110.Rb8 Rc1 111.Ka2 Kc3
112.Rb3+ Kc4 113.Rb8 Bf5 114.Rf8 Rc2+ 115.Ka3 Rf2 116.Rf7 Rf3+ 117.Kb2 Rb3+
118.Kc1 Be4 119.Rc7+ Kd4 120.Rd7+ Bd5 121.Rd8 Rh3 122.Kd2 Rh2+ 123.Ke1 Ke3
124.Kd1 Be4 125.Kc1 Rc2+ 126.Kd1 Rc7 127.Re8 Rc6 128.Re7 Rc8 129.Re6 Rh8
130.Ke1 Rc8 131.Rd6 Rf8 132.Rd2 Bd3 133.Re2+ Kd4 134.Rf2 Rh8 135.Kd2 Ra8
136.Rf7 Ra2+ 137.Kd1 Kc3 138.Rc7+ Bc4 139.Ke1 Rh2  1/2-1/2

[Event "ch-SRB w 2013"]
[Site "Pirot SRB"]
[Date "2013.04.01"]
[Round "10"]
[White "Chelushkina,I"]
[Black "Miladinovic,L"]
[Result "1-0"]
[WhiteElo "2281"]
[BlackElo "2116"]

1.e4 c5 2.Nf3 e6 3.d4 cxd4 4.Nxd4 Nc6 5.Nc3 Qc7 6.Be3 Nf6 7.Qd2 Nxd4 8.Qxd4 Ng4
9.Nb5 Qc6 10.O-O-O Nxe3 11.Qxe3 Bc5 12.Qg3 O-O 13.e5 a6 14.Nd4 Qb6 15.c3 d6
16.f4 dxe5 17.fxe5 Qc7 18.Nb3 Be7 19.Bd3 b5 20.Bc2 Bb7 21.Rd4 Rac8 22.h4 f5
23.Rhd1 Bd5 24.Rxd5 exd5 25.Nd4 Qd7 26.Qh3 g6 27.h5 Bg5+ 28.Kb1 Rce8 29.hxg6 hxg6
30.Qg3 Qe7 31.Nc6 Qd7 32.Nb4 Bh6 33.Nxd5 Qc6 34.Nb4 Qe6 35.Bb3  1-0

[Event "1st Hofheim Open"]
[Site "Hofheim GER"]
[Date "2013.04.05"]
[Round "6.13"]
[White "Humburg,Philipp"]
[Black "Minko,V"]
[Result "1-0"]
[WhiteElo "1956"]
[BlackElo "2252"]

1.e4 c5 2.Nf3 e6 3.d4 cxd4 4.Nxd4 Nc6 5.Nc3 Qc7 6.Be3 a6 7.Bd3 Nf6 8.O-O Ne5
9.h3 b5 10.Qe2 Bc5 11.f4 Nxd3 12.cxd3 Qb6 13.Qf2 Bb7 14.Rac1 O-O 15.b4 Bxd4
16.Bxd4 Qd8 17.e5 Nd5 18.Bc5 Re8 19.Ne4 Bc6 20.f5 exf5 21.Qxf5 f6 22.Nxf6+ Nxf6
23.exf6 Qxf6 24.Qxf6 gxf6 25.Rxf6 Re2 26.Rf2 Rxf2 27.Kxf2 Re8 28.g4 Re6 29.Re1 Rf6+
30.Kg1 Rf3 31.Re3 Rxe3 32.Bxe3 Bd5 33.a3 Be6 34.Kf2 h5 35.gxh5 d5 36.h4 Kh7
37.Kg3 Bf5 38.d4 Be6 39.Kf4 Bh3 40.Ke5 Bg2 41.Kd6 Bf3 42.Kc6 Be4 43.Kb6 Bd3
44.Kxa6 Bc4 45.Ka5  1-0

[Event "ch-ISR 2013"]
[Site "Acre ISR"]
[Date "2013.04.06"]
[Round "1.1"]
[White "Boruchovsky,A"]
[Black "Smirin,I"]
[Result "0-1"]
[WhiteElo "2445"]
[BlackElo "2663"]

1.e4 c5 2.Nf3 e6 3.d4 cxd4 4.Nxd4 Nc6 5.Nc3 Qc7 6.Be3 a6 7.Qf3 Nf6 8.O-O-O Be7
9.Be2 O-O 10.g4 Nxd4 11.Bxd4 d6 12.g5 Nd7 13.Qh5 Re8 14.Rd3 Nf8 15.Rg1 b5
16.Rf3 Bd8 17.e5 Bb7 18.Re3 b4 19.Nd1 Ng6 20.Bd3 dxe5 21.Bxe5 Nxe5 22.Qxh7+ Kf8
23.Qh8+ Ke7 24.Qxg7 Nxd3+ 25.Rxd3 Qf4+ 26.Kb1 Ba5 27.Rg4 Rg8 28.Qxg8 Qxg4
29.Qg7 Qf4 30.g6 Rf8 31.gxf7 Rxf7 32.Qh8 Be4 33.Rd4 Bb6 34.Rc4 Qd2 35.Qh4+ Rf6
36.Qh5 Bf3  0-1

[Event "TCh-NED Meesterklasse 2012-13"]
[Site "Netherland NED"]
[Date "2013.04.06"]
[Round "8.6"]
[White "Solleveld,Maa"]
[Black "Van der Poel,H"]
[Result "1-0"]
[WhiteElo "2518"]
[BlackElo "2309"]

1.e4 c5 2.Nf3 e6 3.d4 cxd4 4.Nxd4 Nc6 5.Nc3 Qc7 6.f4 a6 7.Nxc6 Qxc6 8.Bd3 b5
9.Qe2 Bb7 10.Bd2 Bc5 11.O-O-O Ne7 12.Qh5 g6 13.Qg5 O-O-O 14.Qf6 Rhf8 15.Rhe1 Qb6
16.g3 d5 17.Kb1 h5 18.Qg5 d4 19.Ne2 Nc6 20.Qh4 Be7 21.Qh3 Kb8 22.Nc1 Nb4
23.Qf1 Rc8 24.f5 e5 25.c3 Nc6 26.Nb3 dxc3 27.Bxc3 Bb4 28.Rc1 Bxc3 29.Rxc3 Nd4
30.Qf2 Rfd8 31.fxg6 Qxg6 32.Nc5 b4 33.Rcc1 Rc7 34.Nxb7 Rxb7 35.Qf1 Rd6 36.Rc5 Rf6
37.Qg2 Rf3 38.Bc4 h4 39.Qh3 hxg3 40.Qc8+ Ka7 41.Bd5  1-0

[Event "Asian Juniors 2013"]
[Site "Sharjah UAE"]
[Date "2013.04.06"]
[Round "6.5"]
[White "Ikramul,H"]
[Black "Saiyn,Z"]
[Result "0-1"]
[WhiteElo "2079"]
[BlackElo "2278"]

1.e4 c5 2.Nf3 e6 3.d4 cxd4 4.Nxd4 Nc6 5.Nc3 Qc7 6.Be3 Nf6 7.f4 d6 8.Be2 a6
9.Qd2 Bd7 10.g4 Nxd4 11.Bxd4 Bc6 12.Bf3 Nd7 13.O-O-O b5 14.Rhe1 O-O-O 15.Kb1 Rg8
16.Re3 e5 17.Nd5 Bxd5 18.exd5 exd4 19.Qxd4 Nc5 20.Rc3 g6 21.f5 gxf5 22.gxf5 a5
23.a3 b4 24.axb4 axb4 25.Qxb4 Qb7 26.Qh4 Kd7 27.Qf6 Bg7 28.Qxf7+ Kc8 29.Qxb7+ Kxb7
30.Ra3 Be5 31.b4 Ra8 32.Rxa8 Rxa8 33.Kc1 Bc3  0-1

[Event "Sydney International Open 2013"]
[Site "Sydney AUS"]
[Date "2013.04.06"]
[Round "7.4"]
[White "Zhao Zong Yuan"]
[Black "Horvath,Ad1"]
[Result "0-1"]
[WhiteElo "2537"]
[BlackElo "2509"]

1.e4 c5 2.Nf3 e6 3.d4 cxd4 4.Nxd4 Nc6 5.Nc3 Qc7 6.Be3 a6 7.Qd2 Nf6 8.f3 Bb4
9.a3 Be7 10.g4 h6 11.O-O-O b5 12.h4 Rb8 13.Be2 b4 14.axb4 Bxb4 15.g5 Nh5
16.gxh6 gxh6 17.Rhg1 Ne7 18.Nb3 Ng6 19.Qd4 Nhf4 20.Bf1 h5 21.e5 Bxc3 22.Qxc3 Qxc3
23.bxc3 Nd5 24.Bg5 Nxc3 25.Rd4 Nxe5 26.Bf6 Nxf3 27.Rg2 Nxd4 28.Bxd4 Bb7 29.Rh2 Rg8
30.Bxc3 Bd5 31.Nd2 Rg1 32.Bd4 Rg4 33.c3 d6 34.Be2 e5 35.Ba7 Rc8 36.Bxg4 hxg4
37.h5 Rxc3+ 38.Kb2 Rh3 39.Rxh3 gxh3 40.Nf1 f5 41.h6 Bg8 42.Kc3 Kf7 43.Nh2 f4
44.Bb6 Ke6 45.Kd3 d5 46.Ke2 Kf5 47.Kf2 d4 48.Nf3 d3 49.Nh4+ Kg4 50.Ng6 d2
51.Nxe5+ Kh5 52.Ke2 d1=Q+  0-1

[Event "87th ch-ARG 2013"]
[Site "Villa Martelli ARG"]
[Date "2013.04.06"]
[Round "4.3"]
[White "Villanueva,Mar"]
[Black "Mareco,S"]
[Result "1/2-1/2"]
[WhiteElo "2379"]
[BlackElo "2580"]

1.e4 c5 2.Nf3 e6 3.d4 cxd4 4.Nxd4 Nc6 5.Nc3 Qc7 6.f4 a6 7.Be3 Nxd4 8.Qxd4 b5
9.O-O-O Bb7 10.Bd3 Rc8 11.Kb1 Qc5 12.Rhe1 Qxd4 13.Bxd4 Ne7 14.Bf2 f6 15.g3 Ng6
16.e5 Bc5 17.Bxc5 Rxc5 18.Be4 Bc6 19.Bxc6 Rxc6 20.exf6 gxf6 21.Nd5 Rf8 22.Nb4 Rb6
23.Nd5 Rc6 24.Nb4 Rb6 25.Nd5  1/2-1/2

[Event "e2e4 Gatwick Open 2013"]
[Site "Crawley ENG"]
[Date "2013.04.07"]
[Round "4"]
[White "Tarhon,Brian"]
[Black "Andreev,Pete"]
[Result "1/2-1/2"]
[WhiteElo "1863"]
[BlackElo "2030"]

1.e4 c5 2.Nf3 Nc6 3.d4 cxd4 4.Nxd4 e6 5.Nc3 Qc7 6.Be2 a6 7.O-O Nf6 8.Be3 Bb4
9.Na4 O-O 10.Nxc6 bxc6 11.Nb6 Rb8 12.Nxc8 Rfxc8 13.Bxa6 Rf8 14.Bd3 Bd6 15.g3 Rxb2
16.Bd4 Rb4 17.c3 Rbb8 18.Bxf6 gxf6 19.Qg4+ Kh8 20.Qh4 Be5 21.f4 Bxc3 22.e5 f5
23.Qf6+ Kg8 24.Qg5+ Kh8 25.Qf6+ Kg8  1/2-1/2

[Event "15th Dubai Open 2013"]
[Site "Dubai UAE"]
[Date "2013.04.07"]
[Round "1.10"]
[White "Mehdi,S"]
[Black "Mchedlishvili,M"]
[Result "0-1"]
[WhiteElo "2089"]
[BlackElo "2640"]

1.e4 c5 2.Nf3 e6 3.d4 cxd4 4.Nxd4 Nc6 5.Nc3 Qc7 6.Be3 Nf6 7.Bd3 a6 8.O-O Ne5
9.h3 Bc5 10.Be2 d6 11.Bg5 b5 12.Nb3 Bb6 13.Kh1 Ned7 14.Bf4 e5 15.Bh2 Bb7
16.Bxb5 axb5 17.Nxb5 Qc6 18.Nxd6+ Ke7 19.Nxb7 Qxb7 20.Nd2 Rhc8 21.f4 Nxe4
22.Qf3 f5 23.fxe5 g6 24.Nxe4 Qxe4 25.Qxe4 fxe4 26.c3 e3 27.a4 Rc4 28.b4 Rxc3
29.a5 Bd4 30.Rac1 e2 31.Rfe1 Rxc1 32.Rxc1 Bf2  0-1

[Event "Bundesliga 2012-13"]
[Site "Schwetzingen GER"]
[Date "2013.04.07"]
[Round "15"]
[White "Stellwagen,D"]
[Black "Firman,N"]
[Result "0-1"]
[WhiteElo "2622"]
[BlackElo "2531"]

1.e4 c5 2.Nf3 e6 3.d4 cxd4 4.Nxd4 Nc6 5.Nc3 d6 6.Be3 Nf6 7.f4 Be7 8.Qf3 e5
9.Nxc6 bxc6 10.f5 Rb8 11.O-O-O Qa5 12.Bc4 Bb7 13.Bb3 d5 14.Qg3 O-O 15.Bh6 Nh5
16.Qg4 d4 17.Ne2 Kh8 18.f6 Bxf6 19.Bd2 Qa6 20.Qxh5 c5 21.Bxf7 Bxe4 22.Ng3 Qb7
23.b3 Bxc2 24.Bc4 Bg6 25.Qg4 e4 26.Bf4 Qb4  0-1